00442nam a22001457a 4500003000400000008004100004020002200045082001700067100002000084245009100104250001600195260002700211300000800238650005000246OSt220115b ||||| |||| 00| 0 eng d a978-0-7020-7807-1 a615.1901 WAP aWatson, David G aPharmaceutical Analysis: A Text book for Pharmacy Students and Pharmaceutical Chemists a5th Edition aSydneybElsevierc2017 a462 aPharmaceutical Analysis and Quality Assurance